书目信息 |
| 题名: |
看漫画说英语
|
|
| 作者: | 汤碧秋 编著 | |
| 分册: | ||
| 出版信息: | 天津 天津科技翻译出版公司 2003.09 |
|
| 页数: | 199页 | |
| 开本: | 22cm | |
| 丛书名: | 快速充电系列 | |
| 单 册: | ||
| 中图分类: | H319.9 | |
| 科图分类: | ||
| 主题词: | 英语--口语 | |
| 电子资源: | ||
| ISBN: | 7-5433-1598-X | |
| 000 | 00828nam 2200253 450 | |
| 001 | 0100100058 | |
| 005 | 20050915151821.52 | |
| 010 | @a7-5433-1598-X@dCNY10.00 | |
| 100 | @a20050405d2003 km y0chiy0120 ea | |
| 101 | 0 | @achi@aeng |
| 102 | @aCN@b120000 | |
| 105 | @aa t 000yy | |
| 200 | 1 | @a看漫画说英语@Akan man hua shuo ying yu@f汤碧秋编著@Ftang bi qiu bian zhu |
| 210 | @a天津@c天津科技翻译出版公司@d2003.09 | |
| 215 | @a199页@c图@d22cm | |
| 225 | 2 | @a快速充电系列 |
| 330 | @a本书分打招呼、询问、愿望、拒绝、问路、时间、忠告、电话、生病、拜访、运动、饮食、文化、双关语等23个部分。 | |
| 410 | 0 | @12001 @a快速充电系列 |
| 510 | 1 | @aHow to Easily Speak English@zeng |
| 606 | 0 | @a英语@x口语 |
| 690 | @aH319.9@v4 | |
| 701 | 0 | @a汤碧秋@Atang bi qiu@4编著 |
| 801 | 0 | @aCN@bQSSK@c20050915 |
| 905 | @a10447@dH319.9@eT165 | |
| 看漫画说英语/汤碧秋编著.-天津:天津科技翻译出版公司,2003.09 |
| 199页:图;22cm.-(快速充电系列) |
| ISBN 7-5433-1598-X:CNY10.00 |
| 本书分打招呼、询问、愿望、拒绝、问路、时间、忠告、电话、生病、拜访、运动、饮食、文化、双关语等23个部分。 |
| ● |
| 相关链接 |
|
|
|
正题名:看漫画说英语
索取号:H319.9/T165
 
预约/预借
| 序号 | 登录号 | 条形码 | 馆藏地/架位号 | 状态 | 备注 |
| 1 | 564993 | 205649930 | 语言库209/209语言库 108排2列2层/ [索取号:H319.9/T165] | 在馆 | |
| 2 | 564994 | 205649949 | 语言库209/209语言库 108排2列2层/ [索取号:H319.9/T165] | 在馆 | |
| 3 | 564995 | 205649958 | 语言库209/209语言库 108排2列2层/ [索取号:H319.9/T165] | 在馆 |